000 00457nam a2200181Ia 4500
008 100917s9999 xx 000 0 und d
082 _b52441
100 _aबोराडे रा. रं.
245 _aवानवळा
260 _bअमेय प्रकाशन
_c1979
300 _a239
365 _b20
520 _aकथा
630 _aवानवळा
650 _aकथा
730 _aवानवळा
942 _cBOOK
999 _c657835
_d657832